Statistics for Countries Without an Operational Railway Network

Click here to take the quiz!

General Stats

  • This quiz has been taken 33 times
  • The average score is 14 of 26

Answer Stats

#Country% Correct
12Micronesia
79%
10Marshall Islands
75%
9Malta
68%
18San Marino
68%
24Tuvalu
68%
2Bhutan
64%
19Solomon Islands
64%
3Cyprus
61%
6Iceland
61%
22Tonga
61%
25Vanuatu
61%
1Andorra
57%
4East Timor
57%
16Qatar
50%
26Yemen
50%
14Oman
46%
17Rwanda
46%
7Kuwait
43%
5Guinea-Bissau
39%
8Libya
39%
23Trinidad and Tobago
39%
21Suriname
36%
11Mauritius
32%
20Somalia
32%
13Niger
29%
15Papua New Guinea
29%

Score Distribution

Percentile by Number Answered

Percent of People with Each Score

Your Score History

You have not taken this quiz